Engineering Mechanics Dynamics (Record no. 595375)

000 -LEADER
fixed length control field 00372nam a22001457a 4500
020 ## - INTERNATIONAL STANDARD BOOK NUMBER
International Standard Book Number 9788178081755
040 ## - CATALOGING SOURCE
Transcribing agency NUST
082 ## - DEWEY DECIMAL CLASSIFICATION NUMBER
Classification number 620.104 HIB
100 ## - MAIN ENTRY--PERSONAL NAME
Personal name Hibbeler, R. C
245 ## - TITLE STATEMENT
Title Engineering Mechanics Dynamics
250 ## - EDITION STATEMENT
Edition statement Si Edition
260 ## - PUBLICATION, DISTRIBUTION, ETC.
Place of publication, distribution, etc. New Delhi:
Name of publisher, distributor, etc. Pearson Education,
Date of publication, distribution, etc. 2000.
650 ## - SUBJECT ADDED ENTRY--TOPICAL TERM
Topical term or geographic name entry element Engineering Mechanics Dynamics
9 (RLIN) 3079
942 ## - ADDED ENTRY ELEMENTS (KOHA)
Source of classification or shelving scheme
Koha item type Book
Holdings
Withdrawn status Lost status Source of classification or shelving scheme Damaged status Not for loan Permanent Location Current Location Shelving location Date acquired Total Checkouts Full call number Barcode Date last seen Price effective from Koha item type
          College of Electrical & Mechanical Engineering (CEME) College of Electrical & Mechanical Engineering (CEME) General Stacks 08/04/2023   620.104 HIB CEME-42143 08/04/2023 08/04/2023 Book
© 2023 Central Library, National University of Sciences and Technology. All Rights Reserved.